000 00938nam a22002417a 4500
005 20240530110602.0
008 161011s2014 ua ahf f b 000 0 ara d
017 _a2014/17480
_bمصر. دار الكتب
020 _a9789774489921
040 _aEG-CaGPL
_cEG-CaGPL
082 0 4 _221
_a709.01
_bق/س أ
100 0 _aسعيد حربى .
245 1 2 _aالاساليب و الاتجاهات فى الفن المصرى القديم 3800 ق . م - 332 ق . م /
_cسعيد حربى .
250 _aط1.
260 _aالقاهرة :
_bالهيئة المصرية العامة للكتاب ،
_c2014 .
300 _a434 ص :
_bايض ؛
_c24 سم .
504 _aيشتمل على ارجاعات ببليوجرافية
650 0 7 _2qrmak
_aالفن المصرى القديم .
650 0 7 _aالاثار الفرعونية .
650 0 7 _2الحضارة الفرعونية .
942 _2ddc
_cBK
999 _c62687
_d62687